00456nam a2200133 a 450000100100000000500170001000800410002704000250006808200180009324500660011126000640017730000210024165000600026200000609220200929151926.0090826s1946 dr 000 0 spa d aDO-SdBNPbspacBNPHU a363.37bR337c00aReglamento del cuerpo de bomberos civiles de Ciudad Trujillo. aCiudad Trujillo, República Dominicana :bMontalvo,c1946. a120 p. ;c23 cm. 4aCuerpo de bomberoszRepública DominicanaxReglamentos